000
00497nam a2200133Ia 4500
008
100328s9999 xx 000 0 und d
082
_b
45244
100
_a
देसाई जयश्री
245
_a
अयोया आंदोलन काल-आज-उद्या
260
_b
चंद्रकला
630
_a
अयोया आंदोलन काल-आज-उद्या
730
_a
अयोया आंदोलन काल-आज-उद्या
942
_c
BOOK
999
_c
533414
_d
533411